000 00915nam a2200217Ia 4500
003 OSt
005 20260305115143.0
008 220915b |||||||| |||| 00| 0 hin d
037 _cTB
040 _aARTS
_cARTS
_bhin
041 _2hin
_ahin
084 _aP1511z, 152K1;K8
100 _aसेन, सुकुमार
_98962
245 0 _aतुलनात्मक पालि-प्राकृत अपभ्रंश व्याकरण
246 _aTulanātmak pāli-prākṛut apabhransha vyākaraṇa
260 _aइलाहाबाद
_bलोकभारती प्रका0
300 _a216पृ0
700 _a लखेड़ा, महावीर प्रसाद
_98963
942 _hP1511z, 152K1;K8(RR)
_cTB
_2CC
999 _c113982
_d113982